=LDR 00000nam 2200000 4500 =001 INLIS000000000057844 =005 20210525040441 =035 ##$$a 0010-0521000059 =007 ta =008 210525################g##########0#ind## =020 ##$$a 979-421-045-5 =082 ##$$a 301 =084 ##$$a 301 SIM b =100 #$$a Simmel, Georg =245 1#$$a Beberapa teori sosiologis /$c Georg Simmel ; Prof. Dr. Soerjono Yudho, S.H, M.A. =250 ##$$a cet. 1 =260 ##$$a Jakarta :$b Rajawali,$c 1986 =300 ##$$a viii, 72 hlm. ; $c 21 x 14 cm. =700 #$$a Sukanto, Surjono =520 ##$$a Seri pengenalan sosiologi no.5 =600 #4$$a Sosiologi =990 ##$$a 30500095